| 000 | 00950cam a2200277 i 4500 | ||
|---|---|---|---|
| 001 | 200463144 | ||
| 003 | TR-AnTOB | ||
| 005 | 20241127111428.0 | ||
| 007 | ta | ||
| 008 | 831118s1992 tu 000 0 tur d | ||
| 040 |
_aPUL _beng _erda _cPUL _dWAU _dBGZ _dTR-AnTOB |
||
| 041 | 0 |
_atur _aara |
|
| 050 | 4 |
_aDR592.K4 _bA8388756 1992 |
|
| 090 |
_aDR592.K4 _bA8388756 1992 |
||
| 245 | 0 | 0 |
_aAtatürk özel arşivinden seçmeler II / _cGenelkurmay Askerı Tarih ve Stratejik Etüt Başkanlığı. |
| 264 | 1 |
_aAnkara : _bGenelkurmay Basımevi, _c1992. |
|
| 300 |
_a162 pages ; _c24 cm |
||
| 336 |
_atext _btxt _2rdacontent |
||
| 337 |
_aunmediated _bn _2rdamedia |
||
| 338 |
_avolume _bnc _2rdacarrier |
||
| 490 | 0 |
_aGenelkurmay Başkanlığı Yayın Numarası ; _v‘92/95 |
|
| 600 | 1 | 0 |
_aAtatürk, Mustafa Kemal _d1881-1938 _920781 |
| 710 | 2 |
_aTurkey. _bAskeri Tarih ve Stratejik Etüt Başkanlığı _938089 |
|
| 942 |
_2lcc _cBK |
||
| 999 |
_c200463144 _d81356 |
||